South India

Bibliographic Details
Main Author: Harding, Paul
Other Authors: Eberle, Janine, Horton, Patrick
Format: Book
Published: Australia : Lonely Planet Publications , 2005
Subjects:

MARC

LEADER 00000cam a2200000 7i4500
001 0000017514
005 20080527.0
008 080527
020 |a 1741041651 
090 0 0 |a 954.548   |b HAR 
100 1 |a Harding, Paul 
245 1 0 |a South India   |c Paul Harding, Janine Eberle, Patrick Horton[et...al.] 
260 |a Australia :   |b Lonely Planet Publications ,   |c 2005 
650 0 |a South India   |x Guidebooks 
700 1 |a Eberle, Janine 
700 1 |a Horton, Patrick 
999 |a 0001017461   |b Book   |c REFERENCE   |e Perbadanan Perpustakaan Awam Johor 
999 |a 0001023857   |b Book   |c Adult Collection   |e Cawangan Urban Transformation Centre